Pays par consommation d'Alcool - Statistiques

Statistiques générales
  • Ce quiz a été pris 4 978 fois
  • Le résultat moyen est 11 sur 22
Statistiques - réponses
Verre / Jour Pays % Correct
1.90 France
99%
1.99 Allemagne
88%
1.96 Espagne
88%
1.76 Royaume-Uni
82%
1.81 Pologne
76%
1.85 Portugal
73%
1.99 Irlande
72%
1.78 Suisse
66%
1.81 Roumanie
57%
1.85 Autriche
52%
2.22 Republique Tchèque
49%
2.04 Lituanie
48%
1.98 Lettonie
47%
1.76 Biélorussie
44%
1.96 Bulgarie
44%
1.99 Luxembourg
43%
1.84 Slovénie
39%
1.76 Moldavie
30%
1.78 Monténégro
20%
2.33 Ouganda
2%
3.16 Seychelles
2%
1.85 Burkina Faso
1%
Aucun quiz correspondant
Distribution des résultats
% des personnes avec chaque résultat
Percentile par nombre de réponses
Votre historique - résultats
Vous n’avez pas pris ce quiz